[Event "Angers op 1st"]
[Site "Angers"]
[Date "2006.05.07"]
[Round "3"]
[White "Giraud, Thierry"]
[Black "Jolit, Vincent"]
[Result "1-0"]
[WhiteElo "1978"]
[BlackElo "1610"]
[PlyCount "43"]
[EventDate "2006.05.06"]
[EventType "swiss"]
[EventRounds "6"]
[EventCountry "FRA"]
[SourceTitle "EXT 2007"]
[Source "ChessBase"]
[SourceDate "2006.11.23"]
[SourceVersion "1"]
[SourceVersionDate "2006.11.23"]
[SourceQuality "1"]

1. c4 e5 2. Nc3 Nf6 3. Nf3 Nc6 4. e4 Bb4 5. d3 a6 6. Be2 h6 7. 0-0 d6 8. Ne1 Nd4 9. a3 Nxe2+ 10. Qxe2 Bc5 11. Kh1 Bg4 12. f3 Be6 13. Nc2 Nh5 14. Be3 Nf4 15. Qd2 Bxe3 16. Nxe3 c6 17. d4 Qg5 18. Rad1 0-0 19. d5 cxd5 20. Nexd5 Nxd5 21. Nxd5 Rac8 22. Qxg5 1-0